| 000 | 00857cam a2200253 a 4500 | ||
|---|---|---|---|
| 001 | 16012488 | ||
| 005 | 20121106152327.0 | ||
| 008 | 091208s2010 njua b 001 0 eng | ||
| 010 | _a 2009051248 | ||
| 020 | _a0470453079 (cloth) | ||
| 020 | _a9780470453070 (cloth) | ||
| 082 | 0 | 0 |
_a658.8 _222 _bSEX |
| 100 | 1 |
_aSexton, Donald E., _d1943- _931271 |
|
| 245 | 1 | 0 |
_aTrump University Marketing 101 : _bHow to Use the Most Powerful Ideas in Marketing to Get More Customers and Keep Them / _cDon Sexton. |
| 250 | _a2nd ed. | ||
| 260 |
_aHoboken, N.J. : _bJohn Wiley & Sons, _cc2010. |
||
| 300 |
_axv, 459 p. : _bill. ; _c24 cm. |
||
| 490 | 1 | _aTrump university books | |
| 504 | _aIncludes bibliographical references and index. | ||
| 650 | 0 |
_aMarketing. _931272 |
|
| 653 |
_bBus _cNovember2012 |
||
| 700 | 1 |
_aTrump, Donald, _d1946- _931273 |
|
| 942 |
_2ddc _cBB |
||
| 999 |
_c17085 _d17057 |
||